[Event "Kitale op"]
[Site "Kitale"]
[Date "2023.05.14"]
[Round "5"]
[White "Chomu Clement, Miheso"]
[Black "Jacob, Onditi Lusi"]
[Result "1/2-1/2"]
[WhiteElo "1609"]
[BlackElo "1824"]
[PlyCount "161"]
[EventDate "2023.05.13"]
[EventType "swiss"]
[EventRounds "6"]
[EventCountry "KEN"]
[SourceTitle "EXT 2024"]
[Source "ChessBase"]
[SourceDate "2023.10.10"]
[SourceVersion "1"]
[SourceVersionDate "2023.10.10"]
[SourceQuality "1"]

1. e4 e6 2. d4 d5 3. e5 c5 4. c3 Nc6 5. Bb5 Bd7 6. Ne2 Nxe5 7. dxe5 Bxb5 8. 0-0 Ne7 9. Re1 Ng6 10. Ng3 Be7 11. Qg4 0-0 12. Nd2 Qc7 13. Nf3 Bd7 14. h4 f6 15. h5 Nxe5 16. Nxe5 fxe5 17. Bg5 Rae8 18. Bxe7 Rxe7 19. Qg5 Ref7 20. f3 h6 21. Qxe5 Qxe5 22. Rxe5 Rf4 23. Rd1 b5 24. b3 Rc8 25. Kf2 Rc7 26. Ne2 Rf6 27. Ke3 Bc8 28. Nf4 Kf7 29. g4 b4 30. cxb4 d4+ 31. Ke2 Rxf4 32. bxc5 Ba6+ 33. Kf2 Kf6 34. Rde1 Rxc5 35. Rxc5 Bb7 36. Kg2 Rxg4+ 37. Kh3 Rf4 38. Rf1 Bd5 39. Kg3 Rf5 40. Ra5 Rg5+ 41. Kh4 Kf5 42. Rxa7 e5 43. Rd7 Be6 44. Re7 Kf6 45. Re8 Bf7 46. Rf8 Rxh5+ 47. Kg4 Rh2 48. a4 Rb2 49. a5 Ke7 50. Rb8 Bxb3 51. Rb7+ Kd6 52. Rb6+ Kd7 53. Kf5 Bc2+ 54. Kxe5 Ra2 55. Kxd4 Rxa5 56. Rb7+ Kd6 57. Rxg7 Ra4+ 58. Ke3 Ke5 59. f4+ Kf6 60. Rc7 Ra3+ 61. Kd2 Be4 62. Ke2 Ra2+ 63. Ke3 Bd5 64. Rd1 Ra5 65. Kd4 Be6 66. Rh1 h5 67. Rc5 Ra4+ 68. Ke3 Ra3+ 69. Kd2 Ra2+ 70. Kc3 Bg4 71. Rb1 Ra6 72. Rbb5 Ra3+ 73. Kd4 Bf3 74. Rf5+ Kg6 75. Rg5+ Kf6 76. Rbf5+ Ke6 77. Rf8 Ke7 78. Rh8 Kf7 79. f5 Bg4 80. Kd5 Ra6 81. Ke5 1/2-1/2